| 000 | 00945cam a2200181 4500 | ||
|---|---|---|---|
| 001 | WB3944-07 | ||
| 008 | 031120n2003 000 0 eng u | ||
| 035 | _a(Sirsi) u124389 | ||
| 245 | _aUK Property Index figures show increasing returns | ||
| 260 | _c2003 | ||
| 490 |
_aJones Lang LaSalle Press Release _v(NR1393) 27 October 2003 (1) |
||
| 520 | _aThe latest Jones Lang LaSalle "UK Property index" for the third quarter 2003, shows property returns have increased for the third consecutive quarter from 2.5% in the second quarter to 3.0%. These figures can be attributed to significant capital growth, with the retail sector continuing to outperform. Annual returns on all UK property remains unchanged since the previous quarter at 10.1%. http://www.joneslanglasalle.co.uk/ | ||
| 590 | _aWB | ||
| 650 | _aPROPERTY RETURNS | ||
| 650 | _aCAPITAL GROWTH | ||
| 690 | _aPROPERTY-COMMERCIAL PROPERTY-COMMERCIAL PROPERTY MARKET | ||
| 942 | _n0 | ||
| 999 |
_c73816 _d73816 |
||